000 00307nam a22001337a 4500
008 170929b xxu||||| |||| 00| 0 eng d
020 _a9780130104298
041 _aeng
080 _a37
100 _a47
101 _aEDU
245 _aLANGUAGE, CULTURE AND COMMUNICATION
_cBONVILLAIN. N
942 _2udc
_cBK
999 _c30850
_d30850